Nazionali della CONCACAF - Statistics

Statistiche generali
  • Questo quiz è stato fatto 9 volte
  • Il punteggio medio è 33 su 41
Statistiche sulle risposte
Nazionale % Corretto
Antigua e Barbuda
100%
Bahamas
100%
Barbados
100%
Belize
100%
Cuba
100%
Dominica
100%
El Salvador
100%
Grenada
100%
Haiti
100%
Honduras
100%
Messico
100%
Nicaragua
100%
Panama
100%
Repubblica Dominicana
100%
Saint Kitts e Nevis
100%
Saint Lucia
100%
Saint Vincent e Grenadine
100%
Trinidad e Tobago
100%
Aruba
80%
Bermuda
80%
Canada
80%
Costa Rica
80%
Curaçao
80%
Giamaica
80%
Guatemala
80%
Stati Uniti
80%
Anguilla
60%
Guadalupa
60%
Guyana
60%
Guyana Francese
60%
Isole Cayman
60%
Isole Vergini Americane
60%
Isole Vergini britanniche
60%
Martinica
60%
Montserrat
60%
Puerto Rico
60%
Saint-Martin
60%
Suriname
60%
Turks e Caicos
60%
Bonaire
40%
Sint Maarten
20%
Nessun quiz corrispondente trovato
Distribuzione punteggi
Percentuale di utenti per punteggio
Percentile per numero di risposta
I tuoi punteggi nel tempo
Non hai fatto questo quiz